[Event "Maria Albulet Memorial 2017"]
[Site "Braila"]
[Date "2017.10.12"]
[Round "7"]
[White "Andres, Marina-Corina"]
[Black "Patru, Alexandra-Ioana"]
[Result "1/2-1/2"]
[WhiteElo "1581"]
[BlackElo "1623"]
[Annotator "NA"]
[PlyCount "97"]
[EventDate "2017.??.??"]
[EventCountry "ROU"]
[SourceTitle "playchess.com"]
[Source "ChessBase"]
[SourceQuality "1"]
[TimeControl "40/5400+30:900+30"]

1. e4 {[%emt 0:00:00]} e5 {[%emt 0:00:15]} 2. Nf3 {[%emt 0:00:00]} Nc6 {[%emt 0:00:09]} 3. Bc4 {[%emt 0:00:00]} Bc5 {[%emt 0:00:16]} 4. c3 {[%emt 0:00:00]} Nf6 {[%emt 0:00:06]} 5. d3 {[%emt 0:00:00]} h6 {[%emt 0:00:04]} 6. Bb3 {[%emt 0:00:10]} d6 {[%emt 0:00:10]} 7. O-O {[%emt 0:00:13]} Bg4 {[%emt 0:01:54]} 8. Nbd2 {[%emt 0:00:52]} O-O {[%emt 0:00:10]} 9. Re1 {[%emt 0:00:09]} Ne7 {[%emt 0:03:41]} 10. Nf1 {[%emt 0:00:47]} Ng6 {[%emt 0:10:30]} 11. h3 {[%emt 0:01:17]} Be6 {[%emt 0:00:48]} 12. Bxe6 {[%emt 0:02:24]} fxe6 {[%emt 0:00:25]} 13. Qb3 {[%emt 0:02:11]} Qc8 {[%emt 0:03:47]} 14. d4 {[%emt 0:01:35]} exd4 {[%emt 0:04:16]} 15. cxd4 {[%emt 0:03:16]} Bb6 {[%emt 0:00:12]} 16. e5 {[%emt 0:02:02]} Nd5 {[%emt 0:02:51]} 17. Ne3 {[%emt 0:03:30]} Ndf4 {[%emt 0:01:12]} 18. Nc4 {[%emt 0:03:42]} Qd7 {[%emt 0:14:20]} 19. Nxb6 {[%emt 0:07:25]} axb6 {[%emt 0:00:40]} 20. Bd2 {[%emt 0:10:29]} Qf7 {[%emt 0:05:32]} 21. exd6 {[%emt 0:11:00]} cxd6 {[%emt 0:00:26]} 22. Bxf4 {[%emt 0:15:27]} Nxf4 {[%emt 0:00:39]} 23. Re3 {[%emt 0:02:01]} Qg6 {[%emt 0:06:18]} 24. g3 {[%emt 0:06:45]} Rae8 {[%emt 0:11:51]} 25. Kh2 {[%emt 0:05:21]} Nd5 {[%emt 0:01:21]} 26. Re2 {[%emt 0:04:05]} Kh8 {[%emt 0:03:58]} 27. Rae1 {[%emt 0:01:07]} Qf6 {[%emt 0:03:09]} 28. Kg2 {[%emt 0:04:03]} g5 {[%emt 0:02:02]} 29. Qd3 {[%emt 0:02:23]} h5 {[%emt 0:01:05]} 30. h4 {[%emt 0:01:13]} gxh4 {[%emt 0:04:51]} 31. Nxh4 {[%emt 0:01:03]} Qxh4 {[%emt 0:01:42]} 32. Rxe6 {[%emt 0:04:47]} Rxe6 {[%emt 0:01:13]} 33. gxh4 {[%emt 0:01:53]} Nf4+ {[%emt 0:00:51]} 34. Kh2 {[%emt 0:00:45]} Nxd3 {[%emt 0:00:35]} 35. Rxe6 {[%emt 0:00:07]} Rxf2+ {[%emt 0:03:15]} 36. Kg3 {[%emt 0:00:24]} Rxb2 {[%emt 0:03:40]} 37. Rxd6 {[%emt 0:00:24]} Rb5 {[%emt 0:01:11]} 38. Rd7 {[%emt 0:01:48]} Nb4 {[%emt 0:00:41]} 39. a4 {[%emt 0:00:49]} Ra5 {[%emt 0:03:20]} 40. Rxb7 {[%emt 0:00:00]} Nd5 {[%emt 0:00:47]} 41. Rd7 {[%emt 0:01:41]} Nf6 {[%emt 0:00:15]} 42. Rb7 {[%emt 0:01:22]} Rxa4 {[%emt 0:01:06]} 43. Rxb6 {[%emt 0:00:22]} Kg7 {[%emt 0:00:58]} 44. Rb7+ {[%emt 0:02:33]} Kg6 {[%emt 0:00:44]} 45. Rb5 {[%emt 0:01:17]} Rxd4 {[%emt 0:00:39]} 46. Rg5+ {[%emt 0:00:11]} Kf7 {[%emt 0:00:44]} 47. Kh3 {[%emt 0:01:07]} Rg4 {[%emt 0:02:24]} 48. Rxh5 {[%emt 0:02:08]} Rg1 {[%emt 0:00:34]} 49. Ra5 {[%emt 0:01:57]} 1/2-1/2

[Event "Maria Albulet Memorial 2017"]
[Site "Braila"]
[Date "2017.10.12"]
[Round "7"]
[White "Coman, Ana-Cristina"]
[Black "Nastase, Andreea-Cristina"]
[Result "0-1"]
[WhiteElo "1454"]
[BlackElo "1989"]
[Annotator "NA"]
[PlyCount "140"]
[EventDate "2017.??.??"]
[EventCountry "ROU"]
[SourceTitle "playchess.com"]
[Source "ChessBase"]
[SourceQuality "1"]
[TimeControl "40/5400+30:900+30"]

1. d4 {[%emt 0:00:00]} d5 {[%emt 0:00:09]} 2. Nf3 {[%emt 0:00:00]} Nf6 {[%emt 0:00:04]} 3. e3 {[%emt 0:00:00]} Bg4 {[%emt 0:00:18]} 4. Bd3 {[%emt 0:00:32]} e6 {[%emt 0:00:07]} 5. c4 {[%emt 0:00:52]} c6 {[%emt 0:00:20]} 6. b3 {[%emt 0:02:00]} Nbd7 {[%emt 0:01:09]} 7. Nbd2 {[%emt 0:03:31]} Bd6 {[%emt 0:00:23]} 8. Qc2 {[%emt 0:02:10]} Rc8 {[%emt 0:02:37]} 9. Bb2 {[%emt 0:00:30]} c5 {[%emt 0:04:28]} 10. Ne5 {[%emt 0:08:09]} Bh5 {[%emt 0:01:53]} 11. O-O {[%emt 0:03:30]} cxd4 {[%emt 0:01:21]} 12. exd4 {[%emt 0:00:20]} O-O {[%emt 0:00:32]} 13. Rac1 {[%emt 0:06:28]} dxc4 {[%emt 0:01:10]} 14. bxc4 {[%emt 0:00:21]} h6 {[%emt 0:00:27]} 15. f4 {[%emt 0:06:39]} Nd5 {[%emt 0:06:01]} 16. Qb3 {[%emt 0:06:29]} Nxf4 {[%emt 0:05:21]} 17. Rxf4 {[%emt 0:04:57]} Bxe5 {[%emt 0:00:06]} 18. Rf2 {[%emt 0:15:26]} b6 {[%emt 0:06:25]} 19. Ne4 {[%emt 0:12:10]} Bf6 {[%emt 0:04:28]} 20. Nd6 {[%emt 0:06:59]} Rb8 {[%emt 0:04:14]} 21. Ba1 {[%emt 0:04:22]} Bg5 {[%emt 0:00:34]} 22. Rcf1 {[%emt 0:01:36]} Be3 {[%emt 0:00:10]} 23. Bh7+ {[%emt 0:00:03]} Kxh7 {[%emt 0:00:11]} 24. Qxe3 {[%emt 0:00:28]} Nf6 {[%emt 0:00:15]} 25. Qg3 {[%emt 0:11:00]} Bg6 {[%emt 0:01:22]} 26. d5 {[%emt 0:01:40]} Qe7 {[%emt 0:09:19]} 27. Bxf6 {[%emt 0:02:02]} gxf6 {[%emt 0:00:03]} 28. Rxf6 {[%emt 0:00:46]} Kg7 {[%emt 0:06:53]} 29. dxe6 {[%emt 0:00:36]} Qxf6 {[%emt 0:00:47]} 30. Rxf6 Kxf6 {[%emt 0:00:01]} 31. Nxf7 {[%emt 0:00:50]} Bxf7 {[%emt 0:01:15]} 32. exf7 {[%emt 0:00:03]} Rbc8 {[%emt 0:00:51]} 33. Qf4+ {[%emt 0:00:18]} Kg7 {[%emt 0:03:48]} 34. Qe5+ {[%emt 0:01:03]} Kxf7 {[%emt 0:00:10]} 35. Qf5+ {[%emt 0:00:20]} Ke7 {[%emt 0:01:51]} 36. Qe5+ {[%emt 0:00:24]} Kd7 {[%emt 0:00:14]} 37. Qd5+ {[%emt 0:00:47]} Kc7 {[%emt 0:00:06]} 38. Qe5+ {[%emt 0:00:10]} Kb7 {[%emt 0:01:00]} 39. Qg7+ {[%emt 0:00:30]} Ka6 {[%emt 0:01:30]} 40. Qxh6 {[%emt 0:00:00]} Rfd8 {[%emt 0:00:22]} 41. Qc1 {[%emt 0:02:17]} Rd4 {[%emt 0:01:08]} 42. Qa3+ {[%emt 0:01:43]} Kb7 {[%emt 0:00:03]} 43. Qf3+ {[%emt 0:00:44]} Rc6 {[%emt 0:00:37]} 44. h3 {[%emt 0:03:09]} Rdxc4 {[%emt 0:00:17]} 45. Qf7+ {[%emt 0:00:29]} Ka6 {[%emt 0:00:10]} 46. Qd7 {[%emt 0:01:54]} b5 {[%emt 0:01:44]} 47. Qe7 {[%emt 0:02:25]} b4 {[%emt 0:00:40]} 48. Qe2 {[%emt 0:01:18]} Ka5 {[%emt 0:00:36]} 49. Qd3 {[%emt 0:03:04]} Rc3 {[%emt 0:01:52]} 50. Qd4 {[%emt 0:01:07]} a6 {[%emt 0:00:39]} 51. h4 {[%emt 0:01:47]} Ka4 {[%emt 0:00:48]} 52. h5 {[%emt 0:01:03]} a5 {[%emt 0:04:38]} 53. Qd7 {[%emt 0:01:08]} Ka3 {[%emt 0:00:20]} 54. Qd5 {[%emt 0:01:03]} a4 {[%emt 0:00:30]} 55. Qa5 {[%emt 0:00:41]} R6c5 {[%emt 0:00:24]} 56. Qa8 {[%emt 0:00:28]} Rxh5 {[%emt 0:00:15]} 57. Qe8 {[%emt 0:00:33]} Rhc5 {[%emt 0:00:26]} 58. Qd7 {[%emt 0:00:29]} Rc2 {[%emt 0:01:16]} 59. Qe6 {[%emt 0:00:33]} Rxa2 {[%emt 0:00:27]} 60. Qe3+ {[%emt 0:00:20]} Rc3 {[%emt 0:00:03]} 61. Qd4 {[%emt 0:00:16]} Rac2 {[%emt 0:00:20]} 62. Qd6 {[%emt 0:00:26]} Rc4 {[%emt 0:00:22]} 63. Qa6 {[%emt 0:00:31]} b3 {[%emt 0:00:08]} 64. Qd6+ {[%emt 0:00:15]} Ka2 {[%emt 0:00:03]} 65. Kh2 {[%emt 0:01:03]} b2 {[%emt 0:00:05]} 66. Qd5 {[%emt 0:00:30]} b1=Q {[%emt 0:00:11]} 67. Kh3 {[%emt 0:00:19]} Qb3+ {[%emt 0:00:07]} 68. Kh2 {[%emt 0:00:06]} Rh4+ {[%emt 0:00:06]} 69. Kg1 {[%emt 0:00:08]} Qxd5 {[%emt 0:00:14]} 70. Kf1 {[%emt 0:00:08]} Qd1# {[%emt 0:00:04]} 0-1

[Event "Maria Albulet Memorial 2017"]
[Site "Braila"]
[Date "2017.10.13"]
[Round "8"]
[White "Babiy, Olga"]
[Black "Petrenko, Svetlana"]
[Result "1/2-1/2"]
[WhiteElo "2317"]
[BlackElo "2140"]
[Annotator "ChessBase"]
[PlyCount "95"]
[EventDate "2017.??.??"]
[EventCountry "ROU"]
[SourceTitle "playchess.com"]
[Source "ChessBase"]
[SourceQuality "1"]
[TimeControl "40/5400+30:900+30"]

1. e4 {[%emt 0:00:00]} c5 {[%emt 0:00:03]} 2. Nf3 {[%emt 0:00:00]} e6 {[%emt 0:00:04]} 3. d4 {[%emt 0:00:00]} cxd4 {[%emt 0:00:14]} 4. Nxd4 {[%emt 0:00:02]} Nc6 {[%emt 0:00:07]} 5. Nc3 {[%emt 0:00:22]} a6 {[%emt 0:00:21]} 6. Nxc6 {[%emt 0:01:48]} bxc6 {[%emt 0:03:46]} 7. Bd3 {[%emt 0:00:18]} Qc7 {[%emt 0:02:29]} 8. O-O {[%emt 0:00:45]} d5 {[%emt 0:01:59]} 9. Qe2 {[%emt 0:02:20]} Bb7 {[%emt 0:00:32]} 10. Bd2 {[%emt 0:02:48]} Bd6 {[%emt 0:05:16]} 11. f4 {[%emt 0:01:24]} Ne7 {[%emt 0:02:43]} 12. Kh1 {[%emt 0:05:29]} O-O {[%emt 0:02:41]} 13. e5 {[%emt 0:04:53]} Bc5 {[%emt 0:08:39]} 14. Na4 {[%emt 0:01:06]} Ba7 {[%emt 0:03:49]} 15. c4 {[%emt 0:02:11]} dxc4 {[%emt 0:08:08]} 16. Bxc4 {[%emt 0:00:27]} Nf5 {[%emt 0:01:09]} 17. Rac1 {[%emt 0:14:30]} Nd4 {[%emt 0:11:22]} 18. Qh5 {[%emt 0:13:07]} c5 {[%emt 0:07:18]} 19. b3 {[%emt 0:06:29]} Rad8 {[%emt 0:05:24]} 20. Rf2 {[%emt 0:03:43]} Qc6 {[%emt 0:02:18]} 21. Bd3 {[%emt 0:08:57]} g6 {[%emt 0:09:19]} 22. Qh3 {[%emt 0:00:38]} Qd7 {[%emt 0:05:53]} 23. Bc4 {[%emt 0:04:52]} Bc6 {[%emt 0:02:42]} 24. Nb2 {[%emt 0:01:27]} Qb7 {[%emt 0:01:39]} 25. Nd1 {[%emt 0:01:38]} Nf5 {[%emt 0:02:39]} 26. Ne3 {[%emt 0:02:37]} Nxe3 {[%emt 0:00:03]} 27. Qxe3 {[%emt 0:00:41]} Rd4 {[%emt 0:03:35]} 28. Bc3 {[%emt 0:08:02]} Rfd8 {[%emt 0:05:22]} 29. Bxd4 {[%emt 0:03:06]} cxd4 {[%emt 0:00:02]} 30. Qg3 {[%emt 0:01:07]} Be4 {[%emt 0:02:06]} 31. Bd3 {[%emt 0:01:28]} Bd5 {[%emt 0:00:01]} 32. Rfc2 {[%emt 0:01:03]} Bb6 {[%emt 0:00:03]} 33. b4 {[%emt 0:01:14]} a5 {[%emt 0:00:39]} 34. a3 {[%emt 0:00:16]} axb4 {[%emt 0:01:53]} 35. axb4 {[%emt 0:00:03]} Ra8 {[%emt 0:00:16]} 36. h4 {[%emt 0:02:01]} h5 {[%emt 0:01:42]} 37. f5 {[%emt 0:03:23]} exf5 {[%emt 0:00:28]} 38. Bxf5 {[%emt 0:00:07]} Be4 {[%emt 0:01:10]} 39. Bxe4 {[%emt 0:02:52]} Qxe4 {[%emt 0:00:01]} 40. Rc8+ {[%emt 0:00:00]} Rxc8 {[%emt 0:00:04]} 41. Rxc8+ {[%emt 0:00:21]} Kh7 {[%emt 0:05:05]} 42. Qf2 {[%emt 0:02:05]} f5 {[%emt 0:04:24]} 43. exf6 {[%emt 0:16:14]} d3 {[%emt 0:00:12]} 44. Qg3 {[%emt 0:00:31]} d2 {[%emt 0:04:59]} 45. Rc7+ {[%emt 0:00:01]} Kh8 {[%emt 0:00:13]} 46. Rc8+ {[%emt 0:00:04]} Kh7 {[%emt 0:00:07]} 47. Rc7+ {[%emt 0:00:01]} Kh8 {[%emt 0:00:15]} 48. Rc8+ {[%emt 0:00:41]} 1/2-1/2

[Event "Maria Albulet Memorial 2017"]
[Site "Braila"]
[Date "2017.10.13"]
[Round "8"]
[White "Rakhmangulova, Anastasiya"]
[Black "Didiliuc, Dariana-Gabriela"]
[Result "1-0"]
[WhiteElo "2242"]
[BlackElo "1779"]
[Annotator "NA"]
[PlyCount "61"]
[EventDate "2017.??.??"]
[EventCountry "ROU"]
[SourceTitle "playchess.com"]
[Source "ChessBase"]
[SourceQuality "1"]
[TimeControl "40/5400+30:900+30"]

1. e4 {[%emt 0:00:00]} c5 {[%emt 0:06:36]} 2. Nf3 {[%emt 0:00:00]} Nc6 {[%emt 0:00:16]} 3. d4 {[%emt 0:00:00]} cxd4 {[%emt 0:00:17]} 4. Nxd4 {[%emt 0:00:00]} Nf6 {[%emt 0:00:24]} 5. Nc3 {[%emt 0:00:00]} e5 {[%emt 0:00:28]} 6. Ndb5 {[%emt 0:00:01]} d6 {[%emt 0:00:13]} 7. Bg5 {[%emt 0:00:06]} a6 {[%emt 0:00:15]} 8. Na3 {[%emt 0:00:07]} b5 {[%emt 0:00:18]} 9. Bxf6 {[%emt 0:00:07]} gxf6 {[%emt 0:00:22]} 10. Nd5 {[%emt 0:00:06]} f5 {[%emt 0:01:16]} 11. Bxb5 {[%emt 0:00:24]} axb5 {[%emt 0:04:49]} 12. Nxb5 {[%emt 0:00:10]} Qa5+ {[%emt 0:33:27]} (12... Ra4 $11 {bleibt in der Remisbreite.} 13. Nbc7+ Kd7) 13. c3 {[%emt 0:00:33]} Rb8 {[%emt 0:00:53]} 14. b4 {[%emt 0:24:34]} Qd8 {[%emt 0:02:47]} 15. Nbc7+ {[%emt 0:01:12]} Kd7 {[%emt 0:00:49]} 16. Qh5 {[%emt 0:00:08]} Ne7 {[%emt 0:01:55]} 17. Qxf7 {[%emt 0:00:41]} Kc6 $18 {[%emt 0:01:38]} 18. b5+ {[%emt 0:10:36]} Kb7 {[%emt 0:01:36]} 19. a4 {[%emt 0:16:59]} Nxd5 {[%emt 0:06:47]} 20. Qxd5+ {[%emt 0:01:29]} Ka7 {[%emt 0:00:10]} 21. a5 {[%emt 0:04:53]} Qxc7 {[%emt 0:00:23]} 22. b6+ {[%emt 0:00:11]} Rxb6 {[%emt 0:00:04]} 23. axb6+ {[%emt 0:00:05]} Kxb6 {[%emt 0:00:21]} 24. O-O {[%emt 0:00:19]} Qc5 {[%emt 0:02:30]} 25. Qf7 {[%emt 0:03:25]} Qc7 {[%emt 0:12:25]} 26. Qb3+ {[%emt 0:07:25]} Kc6 {[%emt 0:00:07]} 27. Qa4+ {[%emt 0:00:50]} Kc5 {[%emt 0:00:08]} 28. Rfb1 {[%emt 0:10:21]} d5 {[%emt 0:00:14]} 29. Qa3+ {[%emt 0:06:01]} Kc6 {[%emt 0:00:18]} 30. Qa8+ {[%emt 0:00:08]} Kd7 {[%emt 0:00:45]} 31. Ra7 {[%emt 0:00:25]} 1-0

[Event "Maria Albulet Memorial 2017"]
[Site "Braila"]
[Date "2017.10.13"]
[Round "8"]
[White "Makropoulou, Marina"]
[Black "Bulmaga, Irina"]
[Result "0-1"]
[WhiteElo "2136"]
[BlackElo "2423"]
[Annotator "TA"]
[PlyCount "100"]
[EventDate "2017.??.??"]
[EventCountry "ROU"]
[SourceTitle "playchess.com"]
[Source "ChessBase"]
[SourceQuality "1"]

{[%evp 17,100,0,12,-22,-6,-25,-10,-19,-12,-29,-1,0,42,29,37,-62,25,14,24,31,102,-45,-58,-94,-107,-176,-12,-21,-25,-17,-16,-139,-139,-100,-66,-79,-97,-128,-133,-120,-131,-212,-200,-209,-128,-184,-176,-161,-22,-24,0,-32,-41,-39,-11,-86,-89,-79,-62,-75,-79,-85,-70,-444,-401,-606,-626,-537,-563,-603,-616,-599,-598,-733,-749,-728,-704,-1498,-1297,-1059,-672,-29995,-29996,-29996,-29997]} 1. e4 c5 2. Nf3 d6 3. Bb5+ Nd7 4. d4 a6 5. Bxd7+ Bxd7 6. O-O cxd4 7. Qxd4 e5 8. Qd3 h6 9. Re1 {B51: Sicilian: Moscow Variation (3 Bb5+) without 3...Bd7} (9. c4 Nf6 10. Nc3 Be7 11. c5 Be6 12. cxd6 Qxd6 13. Qe3 O-O 14. Rd1 Qc7 15. Nd5 Nxd5 16. exd5 Rad8 17. Nxe5 Rxd5 18. Rxd5 Bxd5 {0-1 (34) Antipov,M (2569)-Sasikiran,K (2639) Berlin 2015}) 9... Nf6 {LiveBook: 7 Games} 10. Nbd2 $146 ({Predecessor:} 10. Nc3 Be7 11. Nd2 b5 12. a4 b4 13. Nd1 Qc7 14. Ne3 O-O 15. b3 {0-1 (32) Plenkovic,Z (2388)-Cebalo,M (2500) Zagreb 2010}) 10... Be7 11. a4 {The position is equal.} O-O 12. a5 Bc6 13. c4 Nh5 14. Nf1 f5 15. exf5 Qd7 16. c5 (16. g4 $1 $14) 16... e4 ({Much weaker is} 16... dxc5 $6 17. Qxd7 Bxd7 18. Nxe5 $16 (18. Rxe5 Rae8 $11)) (16... Rxf5 $15 17. cxd6 Bxd6) 17. Qb3+ $11 Kh8 18. Nd4 {Strongly threatening Qh3.} d5 (18... dxc5 $14 19. Nxc6 Qxf5) 19. Qh3 (19. Qb4 $16) 19... Bxc5 $15 20. Nxc6 bxc6 21. Bxh6 {[#]} (21. g4 $17 Nf6 22. Rd1) 21... gxh6 $2 (21... Bxf2+ $1 $19 {[%mdl 512]} 22. Kxf2 Qxf5+ 23. Qxf5 Rxf5+ 24. Kg1 gxh6) 22. Qc3+ $11 Kh7 23. Qxc5 Nf4 $40 {[%mdl 128] aiming for ...Nd3. Black mounts an attack.} 24. Rad1 (24. Re3 $11 {keeps the balance.}) 24... Qxf5 $17 25. Ng3 (25. Qxc6 Nh3+ $1 {[%mdl 512]} 26. gxh3 Qxf2+ 27. Kh1 Qf3+ 28. Kg1 Rg8+ 29. Qg6+ (29. Ng3 {is a self mate.} Rxg3+ 30. hxg3 Qxg3+ 31. Kh1 Qxh3+ 32. Kg1 Rg8+ 33. Qg6+ Rxg6+ 34. Kf2 Qf3#) 29... Rxg6+ 30. Ng3 Rag8 31. Rd2 Rxg3+ 32. hxg3 Rxg3+ 33. Kh2 Rxh3+ 34. Kg1 Rh1#) 25... Qf6 26. Qc2 {White wants to play f3.} Kh8 27. Rf1 Rab8 28. b3 {[#]} Rg8 $1 29. f3 (29. Qd2 $17 {was worth a try.}) 29... e3 $19 30. Rfe1 {[#]} e2 $1 {[%mdl 512]} 31. Rxe2 (31. Rd2 $17 {might work better.}) (31. Nxe2 Rxg2+) 31... Nxe2+ 32. Qxe2 Rbe8 ({Black should play} 32... Rxb3 $19 33. Qxa6 Rb2) 33. Qxa6 $11 Qc3 34. Qd3 Qxa5 35. Qd4+ Kh7 36. Qd3+ (36. b4 $11 Qd8 37. b5) 36... Rg6 $17 37. Ne2 Qb6+ 38. Kf1 $1 {Black must now prevent Nf4.} Re3 39. Qf5 {Threatens to win with Nf4.} Qa6 40. Re1 $2 {[%mdl 8192]} (40. Qf7+ $15 Rg7 41. Qf5+ Kg8 42. Re1) 40... Kg7 $19 41. Qd7+ (41. Kf2 $142 Qa7 42. Kf1) 41... Kg8 42. Qd8+ Kf7 43. Qd7+ Re7 44. Qf5+ Kg7 45. f4 d4 46. Qc5 Re4 47. f5 Rf6 48. Kf2 Qd3 49. Ng3 Qd2+ 50. Re2 Rf4+ {Precision: White = 27%, Black = 50%.} 0-1

[Event "Maria Albulet Memorial 2017"]
[Site "Braila"]
[Date "2017.10.13"]
[Round "8"]
[White "Cosman, Andreea-Marioara"]
[Black "Doluhanova, Evgeniya"]
[Result "0-1"]
[WhiteElo "2125"]
[BlackElo "2328"]
[Annotator "NA"]
[PlyCount "80"]
[EventDate "2017.??.??"]
[EventCountry "ROU"]
[SourceTitle "playchess.com"]
[Source "ChessBase"]
[SourceQuality "1"]
[TimeControl "40/5400+30:900+30"]

1. d4 {[%emt 0:00:00]} Nf6 {[%emt 0:00:12]} 2. c4 {[%emt 0:00:00]} e6 {[%emt 0:00:14]} 3. Nc3 {[%emt 0:00:00]} Bb4 {[%emt 0:00:08]} 4. e3 {[%emt 0:00:00]} O-O {[%emt 0:00:16]} 5. Nge2 {[%emt 0:00:05]} Re8 {[%emt 0:00:09]} 6. a3 {[%emt 0:00:08]} Bf8 {[%emt 0:00:03]} 7. d5 {[%emt 0:00:21]} a5 {[%emt 0:00:06]} 8. Ng3 {[%emt 0:05:50] E46: Nimzo-Indian: Rubinstein: 4 e3 0-0 5 Ne2 without early Bd3} Na6 {[%emt 0:00:13]} 9. Bd3 {[%emt 0:03:07]} Nc5 {[%emt 0:06:30] LiveBook: 8 Games} 10. Bc2 {[%emt 0:01:00]} exd5 {[%emt 0:01:34]} 11. cxd5 {[%emt 0:01:07]} b5 {[%emt 0:04:10]} 12. Nxb5 {[%emt 0:10:51]} Ba6 {[%emt 0:00:55]} 13. Nc3 {[%emt 0:06:26] [#]} Qb8 $146 {[%emt 0:01:00]} ({Predecessor:} 13... c6 14. b4 Nb7 15. dxc6 dxc6 16. Qxd8 Rexd8 {0-1 (65) Aleksandrov,A (2564)-Granda Zuniga,J (2679) Pavlodar 2015}) 14. Rb1 {[%emt 0:11:33]} c6 {[%emt 0:01:15]} 15. b4 {[%emt 0:06:37]} axb4 {[%emt 0:00:41]} 16. axb4 {[%emt 0:02:22]} Qe5 {[%emt 0:09:56]} 17. Qd2 {[%emt 0:21:07]} Nb7 {[%emt 0:05:10]} 18. Bd3 {[%emt 0:03:42]} Nxd5 {[%emt 0:03:22]} 19. Nxd5 {[%emt 0:00:20]} Qxd5 {[%emt 0:00:10]} 20. Bxa6 {[%emt 0:00:38]} Qxd2+ {[%emt 0:00:21]} 21. Bxd2 {[%emt 0:00:07]} Rxa6 {[%emt 0:00:06]} 22. Nf5 {[%emt 0:04:43]} Ra2 {[%emt 0:05:35]} 23. Bc3 {[%emt 0:03:54]} Rc2 {[%emt 0:01:03]} 24. Bd2 {[%emt 0:00:51]} Ra8 {[%emt 0:04:32]} 25. Nd4 {[%emt 0:01:13]} Rca2 {[%emt 0:01:17]} 26. Nf3 {[%emt 0:05:10]} Nd6 {[%emt 0:01:21]} 27. O-O {[%emt 0:00:46]} Ne4 {[%emt 0:00:59]} 28. Be1 {[%emt 0:02:18]} Nd6 {[%emt 0:41:25]} 29. Ne5 {[%emt 0:02:43]} R8a7 {[%emt 0:02:17]} 30. Rc1 {[%emt 0:01:12]} f6 {[%emt 0:00:34]} 31. Nc4 {[%emt 0:00:09]} Nxc4 {[%emt 0:03:14]} 32. Rxc4 {[%emt 0:00:11]} R2a4 {[%emt 0:00:24]} 33. Bc3 {[%emt 0:04:04]} c5 {[%emt 0:00:48]} 34. e4 {[%emt 0:01:31]} cxb4 {[%emt 0:01:15]} 35. Bd4 {[%emt 0:00:05]} b3 {[%emt 0:01:31]} 36. Rxa4 {[%emt 0:01:37]} Rxa4 {[%emt 0:00:05]} 37. Rd1 $19 {[%emt 0:01:52]} Ba3 {[%emt 0:00:27]} 38. Kf1 {[%emt 0:00:34]} b2 {[%emt 0:00:24]} 39. Be3 {[%emt 0:00:35]} Rc4 {[%emt 0:00:21]} 40. Ke2 {[%emt 0:00:00]} Rc1 {[%emt 0:00:13]} 0-1

[Event "Maria Albulet Memorial 2017"]
[Site "Braila"]
[Date "2017.10.13"]
[Round "8"]
[White "Aciu, Malina-Andreea"]
[Black "Coman, Ana-Cristina"]
[Result "1-0"]
[WhiteElo "2006"]
[BlackElo "1454"]
[Annotator "NA"]
[PlyCount "89"]
[EventDate "2017.??.??"]
[EventCountry "ROU"]
[SourceTitle "playchess.com"]
[Source "ChessBase"]
[SourceQuality "1"]
[TimeControl "40/5400+30:900+30"]

1. e4 {[%emt 0:00:00]} e5 {[%emt 0:00:04]} 2. Nf3 {[%emt 0:00:00]} Nc6 {[%emt 0:00:04]} 3. Bb5 {[%emt 0:00:00]} a6 {[%emt 0:00:04]} 4. Ba4 {[%emt 0:00:00]} Nf6 {[%emt 0:00:05]} 5. O-O {[%emt 0:00:00]} Be7 {[%emt 0:00:05]} 6. Re1 {[%emt 0:00:58]} b5 {[%emt 0:00:04]} 7. Bb3 {[%emt 0:00:02]} O-O {[%emt 0:00:13]} 8. c3 {[%emt 0:00:52]} d5 {[%emt 0:01:34]} 9. d4 {[%emt 0:12:34]} exd4 {[%emt 0:00:11]} 10. e5 {[%emt 0:00:15]} Ne4 {[%emt 0:00:05]} 11. cxd4 {[%emt 0:00:18]} Bf5 {[%emt 0:00:30]} 12. Nbd2 {[%emt 0:04:54]} Qd7 {[%emt 0:22:22]} 13. a3 {[%emt 0:04:24]} Na5 {[%emt 0:01:29]} 14. Bc2 {[%emt 0:01:41]} Nxd2 {[%emt 0:02:27]} 15. Bxd2 {[%emt 0:02:07]} Nc4 {[%emt 0:00:14]} 16. Bc1 {[%emt 0:01:08]} b4 {[%emt 0:13:24]} 17. axb4 {[%emt 0:03:33]} Bxb4 {[%emt 0:00:24]} 18. Rf1 {[%emt 0:00:27]} h6 {[%emt 0:04:39]} 19. b3 {[%emt 0:06:09]} Bc3 {[%emt 0:04:25]} 20. Ra2 {[%emt 0:01:01]} Na5 {[%emt 0:01:13]} 21. Nh4 {[%emt 0:17:14]} Bxc2 {[%emt 0:10:49]} 22. Qxc2 {[%emt 0:00:10]} Bb4 {[%emt 0:01:26]} 23. f4 {[%emt 0:00:48]} Nc6 {[%emt 0:04:24]} 24. Qf2 {[%emt 0:03:52]} Bc3 {[%emt 0:06:12]} 25. Be3 f5 {[%emt 0:06:23]} 26. Rc1 {[%emt 0:06:13]} Nb4 {[%emt 0:08:49]} 27. Rxc3 {[%emt 0:00:33]} Nxa2 {[%emt 0:00:05]} 28. Qxa2 {[%emt 0:00:03]} Qe7 {[%emt 0:02:05]} 29. Nf3 {[%emt 0:03:37]} Qd7 {[%emt 0:04:01]} 30. Qc2 {[%emt 0:00:44]} Rac8 {[%emt 0:01:10]} 31. Rc6 {[%emt 0:00:41]} a5 {[%emt 0:01:25]} 32. Bd2 {[%emt 0:01:46]} Ra8 {[%emt 0:02:15]} 33. Rxc7 {[%emt 0:03:24]} Qd8 {[%emt 0:01:38]} 34. Qc6 {[%emt 0:01:32]} Kh8 {[%emt 0:01:45]} 35. e6 {[%emt 0:01:32]} Rf6 {[%emt 0:01:12]} 36. Ne5 {[%emt 0:01:10]} Qb8 {[%emt 0:00:36]} 37. Bxa5 {[%emt 0:01:35]} Rf8 {[%emt 0:00:34]} 38. Ng6+ {[%emt 0:00:39]} Kg8 {[%emt 0:00:23]} 39. Nxf8 {[%emt 0:01:03]} Rxa5 {[%emt 0:00:27]} 40. Qc3 {[%emt 0:00:00]} Ra6 {[%emt 0:00:27]} 41. Nd7 {[%emt 0:06:58]} Qb5 {[%emt 0:01:25]} 42. Nf6+ {[%emt 0:01:44]} Kf8 {[%emt 0:02:29]} 43. e7+ {[%emt 0:00:16]} Kf7 {[%emt 0:00:25]} 44. e8=Q+ {[%emt 0:00:22]} Kxf6 {[%emt 0:00:08]} 45. Qf7# {[%emt 0:00:09]} 1-0